000
00284nam a2200109Ia 4500
005
20251222114409.0
008
251222s1900||||xx |||||||||||||| ||spa||
082
_a
DVD0193/E76/2001
245
0
_a
Proyecto genoma humano.
264
_b
Universidad Católica Sedes Sapientiae.
942
_c
DVD
999
_c
1955
_d
1955